[Event "CAN-op"]
[Site "Sackville CAN"]
[Date "2001.07.07"]
[Round "1"]
[White "Poitras, Luc"]
[Black "Nathani, Kaleim"]
[Result "1-0"]
[WhiteElo "2200"]
[BlackElo "1867"]
[PlyCount "69"]
[GameId "2160767911563981"]
[EventDate "2001.07.07"]
[EventType "swiss"]
[EventRounds "10"]
[EventCountry "CAN"]
[SourceTitle "EXT 2006"]
[Source "ChessBase"]
[SourceDate "2005.11.24"]
[SourceVersion "1"]
[SourceVersionDate "2005.11.24"]
[SourceQuality "1"]

1. e4 d5 2. exd5 Nf6 3. d4 Bg4 4. Be2 Bxe2 5. Qxe2 Qxd5 6. Nf3 Nc6 7. c4 Qf5 8. O-O O-O-O 9. d5 Nb4 10. a3 Nd3 11. Nc3 e5 12. dxe6 fxe6 13. Nb5 Qg4 14. Be3 Bc5 15. Rfd1 Nf4 16. Bxf4 Qxf4 17. b4 a6 18. bxc5 axb5 19. Qxe6+ Kb8 20. cxb5 Rxd1+ 21. Rxd1 Qa4 22. Qe2 Qxa3 23. Qc4 Re8 24. b6 c6 25. Qf7 Rc8 26. Qxg7 Nd5 27. Qg3+ Ka8 28. Ne5 Nc3 29. Qe3 Qb2 30. Re1 Rd8 31. h3 Nd5 32. Qe4 Nc3 33. Qg4 Qd2 34. Ra1+ Na2 35. Qa4+ 1-0

[Event "CAN-op"]
[Site "Sackville CAN"]
[Date "2001.07.07"]
[Round "1"]
[White "Smith, Jody"]
[Black "Deveau, Justin"]
[Result "1-0"]
[WhiteElo "1740"]
[BlackElo "1553"]
[PlyCount "61"]
[GameId "2160767911563984"]
[EventDate "2001.07.07"]
[EventType "swiss"]
[EventRounds "10"]
[EventCountry "CAN"]
[SourceTitle "EXT 2006"]
[Source "ChessBase"]
[SourceDate "2005.11.24"]
[SourceVersion "1"]
[SourceVersionDate "2005.11.24"]
[SourceQuality "1"]

1. d4 d5 2. e3 Nf6 3. Bd3 e6 4. f4 c5 5. c3 Nc6 6. Nd2 Be7 7. Ngf3 O-O 8. Ne5 Nxe5 9. fxe5 Ne8 10. O-O f6 11. Qh5 f5 12. Nf3 c4 13. Bc2 b5 14. Bd2 Nc7 15. e4 dxe4 16. Ng5 Bxg5 17. Bxg5 Qe8 18. Qh4 Nd5 19. Qg3 Qg6 20. Rae1 b4 21. Qh4 bxc3 22. bxc3 Nxc3 23. Re3 Nb5 24. Rg3 Nxd4 25. Bd1 Qf7 26. Bh5 g6 27. Bf6 Ne2+ 28. Bxe2 h5 29. Qxh5 Qh7 30. Rxg6+ Qxg6 31. Qxg6# 1-0

[Event "CAN-op"]
[Site "Sackville CAN"]
[Date "2001.07.07"]
[Round "1"]
[White "Spencer, David"]
[Black "Brown, John R"]
[Result "0-1"]
[WhiteElo "1546"]
[BlackElo "1723"]
[PlyCount "44"]
[GameId "2160767911563985"]
[EventDate "2001.07.07"]
[EventType "swiss"]
[EventRounds "10"]
[EventCountry "CAN"]

1. e4 e5 2. Nf3 Nc6 3. Bb5 a6 4. Bxc6 dxc6 5. Nxe5 Qd4 6. Nf3 Qxe4+ 7. Qe2 Qxe2+ 8. Kxe2 Bg4 9. h3 Bh5 10. g4 Bg6 11. d3 f6 12. Re1 O-O-O 13. Be3 Ne7 14. Nc3 Nd5 15. Nxd5 cxd5 16. Kd2 h5 17. Rh1 Bd6 18. Nh4 Bf7 19. Nf5 Bf8 20. Rae1 b6 21. Ng3 d4 22. Bf4 g5 0-1

[Event "CAN-op"]
[Site "Sackville CAN"]
[Date "2001.07.07"]
[Round "1"]
[White "Urquhart, Eddie"]
[Black "Ramaswamy, Kishor"]
[Result "1-0"]
[WhiteElo "2233"]
[BlackElo "1908"]
[PlyCount "82"]
[GameId "2160767911563986"]
[EventDate "2001.07.07"]
[EventType "swiss"]
[EventRounds "10"]
[EventCountry "CAN"]
[SourceTitle "EXT 2006"]
[Source "ChessBase"]
[SourceDate "2005.11.24"]
[SourceVersion "1"]
[SourceVersionDate "2005.11.24"]
[SourceQuality "1"]

1. e4 c6 2. d4 d5 3. exd5 cxd5 4. c4 Nf6 5. Nc3 e6 6. c5 Be7 7. Nf3 O-O 8. Be3 Nc6 9. Bb5 a6 10. Bxc6 bxc6 11. O-O Qc7 12. Qd2 Nd7 13. Bf4 Qa7 14. b4 Re8 15. Rfe1 Bd8 16. a4 Bc7 17. Bxc7 Qxc7 18. b5 Bb7 19. b6 Qb8 20. Re3 f6 21. Rae1 e5 22. Nh4 g6 23. f4 e4 24. Rg3 Kf7 25. Rh3 f5 26. a5 Nf6 27. Nd1 Ng4 28. Rf1 Qd8 29. Nxf5 gxf5 30. Rxh7+ Kg6 31. Rxb7 e3 32. Qe2 Qh4 33. h3 Rh8 34. Rf3 Rae8 35. Rc7 Re4 36. Rxc6+ Kf7 37. Rc7+ Kf6 38. b7 Rxd4 39. Nxe3 Re4 40. Qxa6+ Re6 41. Nxd5+ Kg6 1-0

[Event "CAN-op"]
[Site "Sackville CAN"]
[Date "2001.07.07"]
[Round "1"]
[White "Uuetoa, Harold"]
[Black "Legacy, Leo"]
[Result "1-0"]
[WhiteElo "1768"]
[BlackElo "1585"]
[PlyCount "76"]
[GameId "2160767911563987"]
[EventDate "2001.07.07"]
[EventType "swiss"]
[EventRounds "10"]
[EventCountry "CAN"]
[SourceTitle "EXT 2006"]
[Source "ChessBase"]
[SourceDate "2005.11.24"]
[SourceVersion "1"]
[SourceVersionDate "2005.11.24"]
[SourceQuality "1"]

1. c4 g6 2. Nf3 Bg7 3. d4 c5 4. e3 Nf6 5. Nc3 cxd4 6. exd4 O-O 7. Be2 d5 8. c5 Nc6 9. h3 b6 10. Qa4 Bb7 11. b4 bxc5 12. bxc5 a6 13. Rb1 Na5 14. Bd2 Bc6 15. Qa3 Qc7 16. Nxd5 Bxd5 17. Bxa5 Qc8 18. O-O Be4 19. Rbc1 Nd5 20. Rfd1 Nf4 21. Bf1 Qc6 22. Ne1 Ne6 23. Bc3 Bd5 24. Nc2 a5 25. Ne3 Nc7 26. Nxd5 Nxd5 27. Ba1 Rfb8 28. Rb1 Rxb1 29. Rxb1 Nf4 30. g3 Ne6 31. Bg2 Qc8 32. Bxa8 Qxa8 33. Qa4 Ng5 34. c6 Nf3+ 35. Kg2 Ng5 36. Qb5 Bf6 37. Qb8+ Qxb8 38. Rxb8+ Kg7 1-0

[Event "CAN-op"]
[Site "Sackville CAN"]
[Date "2001.07.07"]
[Round "1"]
[White "Wang, Hao Yuan"]
[Black "Jew, Harold"]
[Result "1-0"]
[WhiteElo "2148"]
[BlackElo "1843"]
[PlyCount "41"]
[GameId "2160767911563988"]
[EventDate "2001.07.07"]
[EventType "swiss"]
[EventRounds "10"]
[EventCountry "CAN"]
[SourceTitle "EXT 2006"]
[Source "ChessBase"]
[SourceDate "2005.11.24"]
[SourceVersion "1"]
[SourceVersionDate "2005.11.24"]
[SourceQuality "1"]

1. e4 c5 2. Nf3 Nc6 3. Bb5 a6 4. Bxc6 bxc6 5. O-O d6 6. d3 e5 7. c3 Nf6 8. h3 Be7 9. Be3 O-O 10. Nbd2 Qc7 11. Re1 d5 12. Bg5 h6 13. Bh4 Bd6 14. Bxf6 gxf6 15. Nf1 f5 16. exf5 Bxf5 17. Ng3 Be6 18. Nh4 e4 19. Ngf5 Bf4 20. Qg4+ Bg5 21. Nxh6+ 1-0

[Event "CAN-op"]
[Site "Sackville CAN"]
[Date "2001.07.07"]
[Round "1"]
[White "Ward, Kevin"]
[Black "Lawson, Jonathan"]
[Result "1-0"]
[WhiteElo "1714"]
[BlackElo "1528"]
[PlyCount "43"]
[GameId "2160767911563989"]
[EventDate "2001.07.07"]
[EventType "swiss"]
[EventRounds "10"]
[EventCountry "CAN"]
[SourceTitle "EXT 2006"]
[Source "ChessBase"]
[SourceDate "2005.11.24"]
[SourceVersion "1"]
[SourceVersionDate "2005.11.24"]
[SourceQuality "1"]

1. f4 Nf6 2. Nf3 g6 3. b3 Bg7 4. Bb2 O-O 5. e3 d6 6. Be2 Bg4 7. O-O Bxf3 8. Bxf3 Nbd7 9. Bxb7 Rb8 10. Bf3 Nc5 11. Na3 Na4 12. Bxf6 Bxf6 13. bxa4 Bxa1 14. Qxa1 Qd7 15. a5 Qa4 16. Qc3 Rb4 17. Bc6 Qxa5 18. Nc4 Qc5 19. d3 d5 20. Bxd5 Rfb8 21. Bxf7+ Kf8 22. Be6 1-0

[Event "CAN-op"]
[Site "Sackville CAN"]
[Date "2001.07.08"]
[Round "2"]
[White "Bluvshtein, Ilia"]
[Black "O'Donnell, Tom"]
[Result "1/2-1/2"]
[WhiteElo "2146"]
[BlackElo "2454"]
[PlyCount "67"]
[GameId "2160767911563991"]
[EventDate "2001.07.07"]
[EventType "swiss"]
[EventRounds "10"]
[EventCountry "CAN"]

1. e4 c5 2. Nf3 d6 3. d4 cxd4 4. Nxd4 Nf6 5. Nc3 Nc6 6. Bg5 e6 7. Qd2 a6 8. O-O-O Bd7 9. Nb3 h6 10. Bh4 Nxe4 11. Nxe4 Qxh4 12. Nxd6+ Bxd6 13. Qxd6 O-O-O 14. g3 Qe7 15. Bg2 Qxd6 16. Rxd6 Kc7 17. Rhd1 Bc8 18. Rxd8 Rxd8 19. Rxd8 Nxd8 20. f4 b6 21. Kd2 Kd6 22. Ke3 f6 23. Nd2 Nf7 24. b4 e5 25. Nc4+ Kc7 26. fxe5 Nxe5 27. Nxe5 fxe5 28. a3 a5 29. c4 axb4 30. axb4 Kd6 31. Bf3 Be6 32. Be2 Bf7 33. Bf1 Bg8 34. Be2 1/2-1/2

[Event "CAN-op"]
[Site "Sackville CAN"]
[Date "2001.07.08"]
[Round "2"]
[White "Brown, John R"]
[Black "Caluza, Juni"]
[Result "1-0"]
[WhiteElo "1723"]
[BlackElo "1911"]
[PlyCount "47"]
[GameId "2160767911563992"]
[EventDate "2001.07.07"]
[EventType "swiss"]
[EventRounds "10"]
[EventCountry "CAN"]

1. d4 Nf6 2. Nc3 d5 3. e4 dxe4 4. f3 c5 5. Be3 e6 6. fxe4 cxd4 7. Qxd4 Bd7 8. O-O-O Nc6 9. Qd3 Nb4 10. Qd2 Rc8 11. Bd3 Qa5 12. Kb1 Be7 13. Nge2 Ng4 14. h4 O-O 15. Nc1 Bf6 16. Nb3 Qd8 17. Bc5 Be7 18. Bxe7 Qxe7 19. Rdf1 Ne5 20. Be2 Rfd8 21. Qf4 f6 22. g4 Be8 23. g5 f5 24. Qxe5 1-0

[Event "CAN-op"]
[Site "Sackville CAN"]
[Date "2001.07.08"]
[Round "2"]
[White "Chevalier, Francois"]
[Black "Drummond, Carlos"]
[Result "0-1"]
[WhiteElo "1671"]
[BlackElo "1829"]
[PlyCount "36"]
[GameId "2160767911563993"]
[EventDate "2001.07.07"]
[EventType "swiss"]
[EventRounds "10"]
[EventCountry "CAN"]
[SourceTitle "EXT 2006"]
[Source "ChessBase"]
[SourceDate "2005.11.24"]
[SourceVersion "1"]
[SourceVersionDate "2005.11.24"]
[SourceQuality "1"]

1. e4 Nc6 2. d4 e6 3. a3 b6 4. Nc3 Bb7 5. Nf3 h6 6. Bd3 Nf6 7. Qe2 d5 8. exd5 Nxd5 9. Nxd5 Qxd5 10. Be3 Be7 11. O-O O-O 12. c4 Qh5 13. Rad1 Bd6 14. b4 Kh8 15. c5 Nxd4 16. Bxd4 Bxf3 17. Bxg7+ Kxg7 18. Qb2+ Be5 0-1

[Event "CAN-op"]
[Site "Sackville CAN"]
[Date "2001.07.08"]
[Round "2"]
[White "Chranowski, Rick"]
[Black "Bluvshtein, Mark"]
[Result "0-1"]
[WhiteElo "1913"]
[BlackElo "2277"]
[PlyCount "94"]
[GameId "2160767911563994"]
[EventDate "2001.07.07"]
[EventType "swiss"]
[EventRounds "10"]
[EventCountry "CAN"]
[SourceTitle "EXT 2006"]
[Source "ChessBase"]
[SourceDate "2005.11.24"]
[SourceVersion "1"]
[SourceVersionDate "2005.11.24"]
[SourceQuality "1"]

1. Nc3 c5 2. f4 d5 3. e4 d4 4. Nce2 Nc6 5. Nf3 f6 6. Ng3 Qc7 7. d3 e6 8. Bd2 Bd6 9. Ne2 Nge7 10. g3 e5 11. Bg2 h6 12. O-O Bg4 13. fxe5 fxe5 14. h3 Be6 15. Nh4 Qd7 16. g4 O-O-O 17. Ng3 g5 18. Nhf5 Ng6 19. Nh5 Nf4 20. Bxf4 exf4 21. Nhg7 Be5 22. Nxe6 Qxe6 23. Bf3 Rdg8 24. Kf2 c4 25. Qe2 Kb8 26. b3 cxd3 27. cxd3 Rc8 28. Rfc1 Bd6 29. Nxd6 Qxd6 30. Qb2 Nb4 31. Ke2 Rxc1 32. Rxc1 Nc6 33. a3 Ne5 34. b4 b6 35. Rc5 Rc8 36. Rxc8+ Kxc8 37. Qb3 Kb7 38. Qd5+ Qxd5 39. exd5 Kc7 40. Be4 Kd6 41. Bg2 a5 42. Be4 axb4 43. axb4 Nd7 44. Kf3 Nf6 45. Bg6 Kxd5 46. h4 Kc6 47. hxg5 hxg5 0-1

[Event "CAN-op"]
[Site "Sackville CAN"]
[Date "2001.07.08"]
[Round "2"]
[White "Deimert, David"]
[Black "Spencer, David"]
[Result "1/2-1/2"]
[WhiteElo "1250"]
[BlackElo "1546"]
[PlyCount "38"]
[GameId "2160767911563997"]
[EventDate "2001.07.07"]
[EventType "swiss"]
[EventRounds "10"]
[EventCountry "CAN"]
[SourceTitle "EXT 2006"]
[Source "ChessBase"]
[SourceDate "2005.11.24"]
[SourceVersion "1"]
[SourceVersionDate "2005.11.24"]
[SourceQuality "1"]

1. e4 e5 2. Nf3 Nf6 3. Nxe5 d6 4. Nf3 Nxe4 5. Qe2 Qe7 6. d3 Nf6 7. Bg5 Qxe2+ 8. Bxe2 Be7 9. Nc3 Nc6 10. O-O O-O 11. Rfe1 Bg4 12. Nd2 Bxe2 13. Rxe2 Rfe8 14. Rae1 Kf8 15. Bxf6 Bxf6 16. Rxe8+ Rxe8 17. Rxe8+ Kxe8 18. Nd5 Bxb2 19. Nxc7+ Kd7 1/2-1/2

[Event "CAN-op"]
[Site "Sackville CAN"]
[Date "2001.07.08"]
[Round "2"]
[White "Ede, Albert"]
[Black "Lavergne, Daniel"]
[Result "1-0"]
[WhiteElo "1637"]
[BlackElo "1808"]
[PlyCount "37"]
[GameId "2160767911563998"]
[EventDate "2001.07.07"]
[EventType "swiss"]
[EventRounds "10"]
[EventCountry "CAN"]

1. e4 d5 2. exd5 Nf6 3. Bb5+ Bd7 4. Bc4 Bg4 5. f3 Bc8 6. Nc3 c6 7. dxc6 Nxc6 8. d3 e6 9. Nge2 Bd6 10. Be3 a6 11. a3 Qc7 12. Bg1 b5 13. Bb3 O-O 14. Ne4 Nxe4 15. fxe4 Ne5 16. Nd4 Rd8 17. Nf3 Qa5+ 18. Qd2 Bb4 19. Qxb4 1-0

[Event "CAN-op"]
[Site "Sackville CAN"]
[Date "2001.07.08"]
[Round "2"]
[White "Fischdick, Gisela"]
[Black "Gregorz, Ralph"]
[Result "1-0"]
[WhiteElo "2217"]
[BlackElo "2050"]
[PlyCount "103"]
[GameId "2160767911564000"]
[EventDate "2001.07.07"]
[EventType "swiss"]
[EventRounds "10"]
[EventCountry "CAN"]
[SourceTitle "EXT 2006"]
[Source "ChessBase"]
[SourceDate "2005.11.24"]
[SourceVersion "1"]
[SourceVersionDate "2005.11.24"]
[SourceQuality "1"]

1. d4 Nf6 2. Bg5 c5 3. Bxf6 gxf6 4. d5 Qb6 5. Qc1 d6 6. e3 Nd7 7. g3 Bg7 8. Nd2 f5 9. c3 Nf6 10. Bg2 e6 11. dxe6 fxe6 12. Ne2 O-O 13. O-O Bd7 14. Rd1 Qc7 15. Qc2 Bc6 16. Qb3 d5 17. c4 Kh8 18. Nf4 Qf7 19. Nf3 Ne4 20. cxd5 exd5 21. Rac1 Rad8 22. Qa3 Rc8 23. Nd3 Qe7 24. Nxc5 b6 25. Nxe4 Qxa3 26. bxa3 fxe4 27. Nd4 Ba4 28. Nb3 Bxb3 29. axb3 Rxc1 30. Rxc1 d4 31. Bxe4 dxe3 32. fxe3 Bb2 33. Rc7 Bxa3 34. Rxh7+ Kg8 35. Rxa7 Bc5 36. Kg2 Bxe3 37. Ra8 Rxa8 38. Bxa8 Kg7 39. Kf3 Bc1 40. h4 Bd2 41. Kg4 Be1 42. Be4 Bf2 43. Kh3 b5 44. Bd3 b4 45. g4 Be1 46. g5 Bd2 47. Kg4 Kg8 48. h5 Be3 49. h6 Kh8 50. Kh5 Bd2 51. g6 Be3 52. g7+ 1-0

[Event "CAN-op"]
[Site "Sackville CAN"]
[Date "2001.07.08"]
[Round "2"]
[White "Gaspariants, Vladimir"]
[Black "Bowerman, Robert"]
[Result "1-0"]
[WhiteElo "2305"]
[BlackElo "2070"]
[PlyCount "41"]
[GameId "2160767911564001"]
[EventDate "2001.07.07"]
[EventType "swiss"]
[EventRounds "10"]
[EventCountry "CAN"]
[SourceTitle "EXT 2006"]
[Source "ChessBase"]
[SourceDate "2005.11.24"]
[SourceVersion "1"]
[SourceVersionDate "2005.11.24"]
[SourceQuality "1"]

1. e4 e6 2. d3 c5 3. Nf3 Nc6 4. g3 g6 5. Bg2 Bg7 6. c3 d5 7. Nbd2 Nge7 8. O-O b6 9. exd5 Nxd5 10. Qa4 O-O 11. Nc4 e5 12. Re1 Re8 13. Qb3 Rb8 14. Ncxe5 Nxe5 15. Nxe5 Bb7 16. Bf4 Nxf4 17. Qxf7+ Kh8 18. Qxf4 Bxe5 19. Rxe5 Bxg2 20. Rxe8+ Qxe8 21. Kxg2 1-0

[Event "CAN-op"]
[Site "Sackville CAN"]
[Date "2001.07.08"]
[Round "2"]
[White "Gurevich, Artjom"]
[Black "Michaud, Gerald"]
[Result "1-0"]
[WhiteElo "2338"]
[BlackElo "2077"]
[PlyCount "55"]
[GameId "2160767911564002"]
[EventDate "2001.07.07"]
[EventType "swiss"]
[EventRounds "10"]
[EventCountry "CAN"]
[SourceTitle "EXT 2006"]
[Source "ChessBase"]
[SourceDate "2005.11.24"]
[SourceVersion "1"]
[SourceVersionDate "2005.11.24"]
[SourceQuality "1"]

1. d4 e6 2. c4 Nf6 3. Nf3 d5 4. g3 Be7 5. Bg2 O-O 6. O-O Nbd7 7. Qc2 b6 8. cxd5 Nxd5 9. a3 Bb7 10. e4 N5f6 11. Nc3 c5 12. d5 exd5 13. exd5 Ne8 14. d6 Nxd6 15. Rd1 Nf6 16. Nb5 Nxb5 17. Rxd8 Raxd8 18. Be3 Bxf3 19. Bxf3 Nd4 20. Bxd4 Rxd4 21. Re1 Bd6 22. Qf5 Rd8 23. h4 Bb8 24. Re7 Kf8 25. Rb7 R4d6 26. Kg2 g6 27. Qf4 Rd4 28. Qxf6 1-0

[Event "CAN-op"]
[Site "Sackville CAN"]
[Date "2001.07.08"]
[Round "2"]
[White "Gustafson, Dale"]
[Black "Tassone, Adam"]
[Result "1/2-1/2"]
[WhiteElo "1860"]
[BlackElo "1678"]
[PlyCount "57"]
[GameId "2160767911564003"]
[EventDate "2001.07.07"]
[EventType "swiss"]
[EventRounds "10"]
[EventCountry "CAN"]
[SourceTitle "EXT 2006"]
[Source "ChessBase"]
[SourceDate "2005.11.24"]
[SourceVersion "1"]
[SourceVersionDate "2005.11.24"]
[SourceQuality "1"]

1. e4 c5 2. d4 cxd4 3. c3 dxc3 4. Nxc3 Nc6 5. Nf3 d6 6. Bc4 e6 7. O-O Nf6 8. Bg5 Be7 9. Qe2 Qc7 10. Nb5 Qd8 11. Rfd1 a6 12. Nxd6+ Bxd6 13. e5 Nxe5 14. Nxe5 Qc7 15. Bf4 O-O 16. Rac1 Qb6 17. Rxd6 Qxd6 18. Ng6 Qb6 19. Nxf8 Kxf8 20. Rd1 Bd7 21. Bg5 Bc6 22. h3 Rd8 23. Bb3 Qc7 24. Qe3 Rxd1+ 25. Bxd1 Nd5 26. Qc5+ Kg8 27. Bf3 Qd7 28. Bd2 Qe7 29. Qa7 1/2-1/2

[Event "CAN-op"]
[Site "Sackville CAN"]
[Date "2001.07.08"]
[Round "2"]
[White "Hathaway, John"]
[Black "Goldenberg, Danny"]
[Result "0-1"]
[WhiteElo "2129"]
[BlackElo "2322"]
[PlyCount "72"]
[GameId "2160767911564004"]
[EventDate "2001.07.07"]
[EventType "swiss"]
[EventRounds "10"]
[EventCountry "CAN"]
[SourceTitle "EXT 2006"]
[Source "ChessBase"]
[SourceDate "2005.11.24"]
[SourceVersion "1"]
[SourceVersionDate "2005.11.24"]
[SourceQuality "1"]

1. d4 g6 2. Nf3 Bg7 3. c3 d5 4. Bf4 Nf6 5. h3 O-O 6. e3 Nbd7 7. Nbd2 b6 8. b4 c5 9. Be2 Ne4 10. Qb3 c4 11. Qc2 Nxd2 12. Nxd2 e5 13. Bg3 Qe7 14. Kd1 a5 15. b5 a4 16. Bf3 e4 17. Be2 Ra5 18. Rb1 Nf6 19. Bxc4 Be6 20. Be2 Rc8 21. Qb2 Bf8 22. Rc1 Qe8 23. Be5 Be7 24. g4 Qf8 25. Nb1 Ne8 26. Rc2 Nd6 27. Bxd6 Bxd6 28. Nd2 Ba3 29. Qb1 Ra7 30. Rf1 Rac7 31. c4 f5 32. f3 dxc4 33. fxe4 c3 34. exf5 cxd2 35. Rxc7 Rxc7 36. fxe6 Qxf1+ 0-1

[Event "CAN-op"]
[Site "Sackville CAN"]
[Date "2001.07.08"]
[Round "2"]
[White "Hensel, George"]
[Black "Phi, Tan Trao"]
[Result "1-0"]
[WhiteElo "1709"]
[BlackElo "1464"]
[PlyCount "45"]
[GameId "2160767911564005"]
[EventDate "2001.07.07"]
[EventType "swiss"]
[EventRounds "10"]
[EventCountry "CAN"]
[SourceTitle "EXT 2006"]
[Source "ChessBase"]
[SourceDate "2005.11.24"]
[SourceVersion "1"]
[SourceVersionDate "2005.11.24"]
[SourceQuality "1"]

1. d4 Nf6 2. Nf3 e6 3. e3 c5 4. c3 a6 5. Bd3 Nc6 6. Nbd2 cxd4 7. exd4 Be7 8. O-O O-O 9. a4 b6 10. h3 Bb7 11. Re1 Qc7 12. Nc4 b5 13. Nce5 Nxe5 14. dxe5 Nd5 15. axb5 a5 16. Nd4 d6 17. f4 Bh4 18. Qh5 g6 19. Qxh4 Nxc3 20. exd6 Qc5 21. Be3 Nd5 22. Nxe6 Qxd6 23. Bc5 1-0

[Event "CAN-op"]
[Site "Sackville CAN"]
[Date "2001.07.08"]
[Round "2"]
[White "Hill, Roderick"]
[Black "Hendon, Lee"]
[Result "1-0"]
[WhiteElo "1799"]
[BlackElo "1516"]
[PlyCount "41"]
[GameId "2160767911564006"]
[EventDate "2001.07.07"]
[EventType "swiss"]
[EventRounds "10"]
[EventCountry "CAN"]

1. e4 e5 2. Nc3 Nf6 3. Bc4 Nxe4 4. Qh5 Nd6 5. Bb3 Nc6 6. Nb5 g6 7. Qf3 f5 8. Qd5 Qe7 9. Nxc7+ Kd8 10. Nxa8 b6 11. Nxb6 axb6 12. Qf3 Bb7 13. d3 Bg7 14. c3 Re8 15. Be3 e4 16. dxe4 Nxe4 17. O-O-O Nxc3 18. bxc3 Qa3+ 19. Kb1 Bxc3 20. Bxb6+ Kc8 21. Qxc3 1-0

[Event "CAN-op"]
[Site "Sackville CAN"]
[Date "2001.07.08"]
[Round "2"]
[White "Kenney, Jason"]
[Black "Mazock, Michael"]
[Result "1/2-1/2"]
[WhiteElo "2033"]
[BlackElo "2212"]
[PlyCount "57"]
[GameId "2160767911564007"]
[EventDate "2001.07.07"]
[EventType "swiss"]
[EventRounds "10"]
[EventCountry "CAN"]
[SourceTitle "EXT 2006"]
[Source "ChessBase"]
[SourceDate "2005.11.24"]
[SourceVersion "1"]
[SourceVersionDate "2005.11.24"]
[SourceQuality "1"]

1. d4 d5 2. c4 c6 3. Nf3 Nf6 4. Nc3 e6 5. e3 Nbd7 6. Qc2 Bd6 7. e4 dxe4 8. Nxe4 Nxe4 9. Qxe4 Bb4+ 10. Bd2 Bxd2+ 11. Nxd2 O-O 12. Be2 Qa5 13. a3 e5 14. b4 Qc7 15. O-O exd4 16. Qxd4 c5 17. Qc3 b6 18. Bf3 Bb7 19. Rfe1 Rfe8 20. Bxb7 Qxb7 21. Nf3 Qc6 22. b5 Qc7 23. a4 a5 24. h3 h6 25. Rad1 Rad8 26. Re3 Ne5 27. Rxd8 Nxf3+ 28. Rxf3 Rxd8 29. Rd3 1/2-1/2

[Event "CAN-op"]
[Site "Sackville CAN"]
[Date "2001.07.08"]
[Round "2"]
[White "Lawson, Jonathan"]
[Black "Chiasson, Marc"]
[Result "0-1"]
[WhiteElo "1528"]
[BlackElo "1250"]
[PlyCount "54"]
[GameId "2160767911564009"]
[EventDate "2001.07.07"]
[EventType "swiss"]
[EventRounds "10"]
[EventCountry "CAN"]
[SourceTitle "EXT 2006"]
[Source "ChessBase"]
[SourceDate "2005.11.24"]
[SourceVersion "1"]
[SourceVersionDate "2005.11.24"]
[SourceQuality "1"]

1. e4 c5 2. c3 e5 3. Nf3 Nc6 4. Bc4 d6 5. h3 g6 6. d3 Nf6 7. Ng5 d5 8. exd5 Nxd5 9. Qf3 Be6 10. Nxe6 fxe6 11. Bb5 Qc7 12. Qe4 O-O-O 13. O-O Bg7 14. Bg5 Rdf8 15. a3 Rf5 16. Bd2 h5 17. Bxc6 Qxc6 18. c4 Ne7 19. Nc3 Bh6 20. Bxh6 Rxh6 21. Qxc6+ Nxc6 22. Ne4 Kc7 23. Nxc5 Nd4 24. Rae1 g5 25. Re4 g4 26. hxg4 hxg4 27. Rxg4 Ne2# 0-1

[Event "CAN-op"]
[Site "Sackville CAN"]
[Date "2001.07.08"]
[Round "2"]
[White "Livingstone, James"]
[Black "Carayanniotis, George"]
[Result "1-0"]
[WhiteElo "1609"]
[BlackElo "1459"]
[PlyCount "45"]
[GameId "2160767911564011"]
[EventDate "2001.07.07"]
[EventType "swiss"]
[EventRounds "10"]
[EventCountry "CAN"]
[SourceTitle "EXT 2006"]
[Source "ChessBase"]
[SourceDate "2005.11.24"]
[SourceVersion "1"]
[SourceVersionDate "2005.11.24"]
[SourceQuality "1"]

1. d4 Nf6 2. Nf3 g6 3. Nc3 d5 4. Bf4 Bg7 5. e3 c6 6. Be2 O-O 7. Ne5 Nbd7 8. h4 Qb6 9. Rb1 c5 10. h5 h6 11. hxg6 cxd4 12. gxf7+ Kh7 13. Bd3+ Ne4 14. Nxd5 Qa5+ 15. Nc3 Nxe5 16. Bxe4+ Ng6 17. Bxg6+ Kxg6 18. exd4 Rxf7 19. Qd3+ Bf5 20. Qg3+ Kh7 21. Rc1 Rd8 22. Bc7 Qc5 23. dxc5 1-0

[Event "CAN-op"]
[Site "Sackville CAN"]
[Date "2001.07.08"]
[Round "2"]
[White "Mayo, Alvah"]
[Black "Predescu, Sebastian"]
[Result "1-0"]
[WhiteElo "2204"]
[BlackElo "1997"]
[PlyCount "65"]
[GameId "2160767911564013"]
[EventDate "2001.07.07"]
[EventType "swiss"]
[EventRounds "10"]
[EventCountry "CAN"]
[SourceTitle "EXT 2006"]
[Source "ChessBase"]
[SourceDate "2005.11.24"]
[SourceVersion "1"]
[SourceVersionDate "2005.11.24"]
[SourceQuality "1"]

1. Nf3 Nf6 2. b3 d5 3. Bb2 Bf5 4. g3 e6 5. Bg2 h6 6. c4 c6 7. O-O Be7 8. d3 O-O 9. Nbd2 Nbd7 10. Re1 a5 11. e4 Bh7 12. e5 Ne8 13. d4 a4 14. c5 b6 15. b4 bxc5 16. dxc5 Qb8 17. Bc3 Nc7 18. Nd4 Qb7 19. Bf1 f5 20. f4 Kh8 21. Kh1 Bg8 22. a3 Bf7 23. Be2 g5 24. h3 Rg8 25. Bh5 Rg7 26. Nxf5 Bxh5 27. Qxh5 exf5 28. e6 Nf6 29. Qxh6+ Kg8 30. fxg5 Nfe8 31. Bxg7 Nxg7 32. g6 Bf6 33. e7 1-0

[Event "CAN-op"]
[Site "Sackville CAN"]
[Date "2001.07.08"]
[Round "2"]
[White "Nathani, Kaleim"]
[Black "Cooke, Mathew G"]
[Result "1-0"]
[WhiteElo "1867"]
[BlackElo "1708"]
[PlyCount "43"]
[GameId "2160767911564014"]
[EventDate "2001.07.07"]
[EventType "swiss"]
[EventRounds "10"]
[EventCountry "CAN"]
[SourceTitle "EXT 2006"]
[Source "ChessBase"]
[SourceDate "2005.11.24"]
[SourceVersion "1"]
[SourceVersionDate "2005.11.24"]
[SourceQuality "1"]

1. e4 c5 2. Nf3 Nc6 3. d4 cxd4 4. Nxd4 e6 5. Nc3 a6 6. Be2 Nf6 7. Bg5 Be7 8. f4 d6 9. Nb3 Bd7 10. Qd2 Qc7 11. O-O-O h6 12. Bxf6 gxf6 13. Bh5 f5 14. exf5 Ne5 15. Qd4 Bf6 16. fxe5 Bxe5 17. Qd3 Rc8 18. Nd4 Bf4+ 19. Kb1 e5 20. Ne6 Bxe6 21. fxe6 Ke7 22. Nd5+ 1-0